Rozbor determinantov produktivity

Analýza produktivity troch významných automobiliek pôsobiacich na Slovensku. Pohľad na komplexnú celkovú produktivitu týchto spoločností, ako aj rozklad produktivity na činitele ako sú vplyv dlhodobého majetku, vplyv pracovnej sily a vplyv obežného majetku v zastúpení materiálom a jeho účinnosťou.

Guardado en:
Detalles Bibliográficos
Autor principal: Chodasová, Zuzana
Otros Autores: Tekulová, Zuzana
Formato: Capítulo de libro
Lenguaje:eslovaco
Materias:
Etiquetas: Agregar Etiqueta
Sin Etiquetas, Sea el primero en etiquetar este registro!

MARC

LEADER 00000naa a2200000 4500
001 0209913
005 20220330075532.0
041 0 |a slo 
044 |a SK 
245 1 0 |a Rozbor determinantov produktivity  |c Zuzana Chodasová, Zuzana Tekulová 
520 |a Analýza produktivity troch významných automobiliek pôsobiacich na Slovensku. Pohľad na komplexnú celkovú produktivitu týchto spoločností, ako aj rozklad produktivity na činitele ako sú vplyv dlhodobého majetku, vplyv pracovnej sily a vplyv obežného majetku v zastúpení materiálom a jeho účinnosťou. 
610 2 0 |a Slovensko 
610 2 0 |a priemysel automobilový 
610 2 0 |a produktivita práce 
610 2 0 |a produktívnosť 
610 2 0 |a výkonnosť podniku 
610 2 0 |a ukazovatele výkonnosti 
610 2 0 |a meranie výkonnosti 
100 1 |a Chodasová, Zuzana 
700 1 |a Tekulová, Zuzana